000 00498nam a2200133 a 4500
008 120416s1970 ||||||||||||||||| || u
050 _aTP 156.C35 Tho
100 _aThomas, Charles La Mar
245 1 0 _aCatalytic processes and proven catalysts
260 _aNew York
_bAcademic Press
_c1970
300 _axiv, 284p. : ill.
350 _a0.00
995 _D0.00
_FCBU-MAIN LIBRARY (Kitwe)
_H1
_I5.85
_UAVAILABLE
_ZAnnex Low-Usage Collection
999 _c36846
_d36846